00778nam a2200217 a 450000500170000000800410001702000150005804000270007304100080010004400080010808200160011611000330013224501010016526000570026630001160032350000220043965000160046165000260047765000240050365000330052720200104041543.0140312t2003 wauabdofr|||| 000 0 eng d a1884361110 aCO-BoIAVH cCO-BoIAVH 0 aspa axxu04a338.1bB83a2 bBred for the World Institute10aAgriculture in the global economy :bhunger 2003 13th annual report on the state of world Hunger aWashington :bBread for the World Institute,cc2003. a164 páginas :bIlustraciones a color, mapas a color, gráficos a color, fotografías a color ;c27 x 21 cm. aIncluye glosario.16aAgricultura26aPolítica agrícola26aComercio agrícola26aErradicación de la pobreza